00371nam a22001337a 450000500170000000800410001704100120005808200120007010000120008224500380009426000480013230000320018065000250021220240802101838.0240802b |||||||| |||| 00| 0 eng d aEnglish a349 NAT lEnglish aNatal Law Reports / cW.S. Bigby  aPietermaritzburg: bMunro Brothers, c1902  bxxxvi, 466 pages; c25 cm.  aLegal practice bLaw